Plan de Cuentas contextualizado bajo NIF: GRUPO 1 Prc̀ticas de gobernanza contable en empresas privadas de interš pb︢lico /

Bibliographic Details
Main Author: Rincn̤ Soto, Carlos Augusto
Other Authors: Grajales Londoǫ, Gherson, Lasso Marmolejo, Guiovanny, Zamorano Ho, Ricardo
Format: eBook
Language:Spanish
Published: Bogot:̀ Ediciones de la U, 2017
Subjects:
Online Access:Acceso restringido

MARC

LEADER 00000nam a22000007a 4500
005 20210513003437.0
007 cr|||| ||||
008 210513s2017 co |||||s|||| 00||0 spa d
020 |a 978-958-762-670-4 
035 |a 33413 
040 |a vLex 
090 |c 11648  |d 11648 
100 1 |a Rincn̤ Soto, Carlos Augusto 
245 1 0 |a Plan de Cuentas contextualizado bajo NIF: GRUPO 1  |h [Recurso electrn̤ico] :  |b Prc̀ticas de gobernanza contable en empresas privadas de interš pb︢lico /  |c Carlos Augusto Rincn̤ Soto, Gherson Grajales Londoǫ, Guiovanny Lasso Marmolejo, Ricardo Zamorano Ho 
256 |a Servicio en ln̕ea 
260 |a Bogot:̀  |b Ediciones de la U,  |c 2017 
300 |a 1 recurso electrn̤ico 
500 |a La convergencia y reglamentacin̤ de las NIF en Colombia ha sido un proceso turbulento, improvisado, desorganizado generando doble trabajo, cansancio y desgaste de los contadores. De todos modos la revelacin̤ financiera, promete un mejoramiento en la calidad de la informacin̤, t︢il para los usuarios internos, y con un alto grado de confianza para las dems̀ partes interesadas (Stakeholders) quienes desean conocer los hechos econm̤icos reconocidos, las transacciones medidas, los factores de riesgo estimados y valorados, y las medidas de control establecidas para mitigar los impactos negativos derivadas de las decisiones tomadas por el personal operativo en las entidades, quienes tienen a cargo la responsabilidad econm̤ica, financiera, social, jurd̕ica y ambiental durante el normal desarrollo de sus actividades. Este catl̀ogo de cuentas es una aproximacin̤ al instru- mento de recoleccin̤ de informacin̤ para las entidades, por ello se entrega como una gua̕ y no como una herramienta terminada, pues requiere ser adecuada a las necesidades de cada organizacin̤ de acuerdo con sus necesidades y conveniencias. El ejemplo de catl̀ogo de cuentas se establece bajo la modelacin̤ del PUC anterior, pudiendo haber sido tambiň hecho sobre una modelacin̤ basada en los estados financieros NIF, pero se pretende facilitar la comprensin̤ y adecuacin̤ de algunas aplicaciones contables mientras se realizan los nuevos desarrollos bajo NIF. 
506 1 |a Disponible solo en los productos indicados  |d vLex Global  |d vLex Global (Academic Edition, excluding Law Schools)  |d vLex Global (U.S. Academic Edition, Law Schools)  |d vLex Global (U.S. Academic Edition, excluding Law Schools)  |d vLex Global (Academic Edition, Law Schools) 
650 |a Contabilidad  |z Colombia 
650 |a Banca y finanzas  |z Colombia 
700 1 |a Grajales Londoǫ, Gherson 
700 1 |a Lasso Marmolejo, Guiovanny 
700 1 |a Zamorano Ho, Ricardo 
740 0 |a vLex Libros (Servicio en ln̕ea) 
856 4 0 |u https://vlex.com/source/plan-de-cuentas-contextualizado-bajo-nif-grupo-1-practicas-de-gobernanza-contable-en-empresas-privadas-de-interes-publico-33413  |z Acceso restringido 
942 |c BOOK 
999 0 |a Accounting 
999 0 |a Banking and finance